00274nam a22001097a 4500020001500000040000900015082001700024100002000041245003400061260003500095650003400130 a0070657394 cNust a621.815bULL aDavid G.Ullman  aThe mechanical design process aNew York:bMcGraw-Hill,c1992. aThe mechanical design process